Представление документа в формате MARC21

Поле Инд. ПП Название Значение
Тип записи a
Библиографический уровень b
001 Контрольный номер 17ad47ffff0c4f9aba872f3ea2a591cd
005 Дата корректировки 20221013111809.5
040 a Служба первич. каталог. Scopus
b Код языка каталог. rus
041 0_ a Код языка текста Английский
097 a Костяева О.Г.
100 1_ a Автор Arbuzova E. V.
c Титул (звания) доцент (ученое звание); доктор физико-математических наук; профессор (должность);
i 000091429
j Принадлежность неизвестного автора к последователям, ученикам, сторонникам, школе и т. д. государственный университет "Дубна"
k Кафедра высшей математики; Общеобразовательные кафедры
q Полное имя Арбузова Елена Владимировна
u Дополнение Арбузова Е. В.; Arbuzova Elena V.
g Прочие сведения РИНЦ AuthorID: 154244 (http://elibrary.ru/author_items.asp?authorid=154244); SPIN-код: 5150-7404 (http://elibrary.ru/author_items.asp?authorid=382599); Scopus Author ID: 35422071100 (https://www.scopus.com/authid/detail.uri?origin=resultslist&authorId=35422071100&zone=); ORCID ID: https://orcid.org/0000-0002-9652-3345
245 10 a Заглавие New Options for SUSY-Kind Dark Matter
773 18 t Название источника Moscow University Physics Bulletin
d Место и дата издания 2022
b Сведения об издании Allerton Press
c Russia
m Специф. данные входит в Scopus; входит в ядро РИНЦ; ненулевой импакт-фактор
g Прочая информация V. 77(2). – P. 288-290
n Примечание Вестник Московского университета. Серия 3: Физика. Астрономия
x ISSN 0027-1349
w Контрольный № источника 978e978de6d7415482a3ccfa19ef6bdb
901 t Тип документа b
952 c Вид литературы статья в журнале